000 00286nam a22001337a 4500
003 SGT
082 _a617.643
_bL17G
100 _aGUPTA, EKTA
245 _aLIP AND CHEAK PRESSURE ASSESSMENT
260 _aSGTU
_c2017
300 _a62
650 _aORTHODONTICS DENTAL
942 _2ddc
_cTH
999 _c20575
_d20575